000 00388nam a22001577a 4500
005 20220628103712.0
008 220628b ||||| |||| 00| 0 eng d
040 _cAACR2
082 _a530
100 _aFeynman, Richard, P
_913231
245 _aLectures on Physics Vol. 2
260 _aNew Delhi
_bNarosa Publishing
_c2008
300 _b674p.
650 _aPhysics
942 _2ddc
_cBK
999 _c189695
_d189695